Friction coefficient of polylactic acid films after the plasma treatment; Изотопы: технологии, материалы и применение

Podrobná bibliografie
Parent link:Изотопы: технологии, материалы и применение.— 2023.— С. 73
Hlavní autor: Pautov К. G.
Korporativní autor: National Research Tomsk Polytechnic University
Další autoři: Filippova E. O. Ekaterina Olegovna (научный руководитель)
Shrnutí:Текстовый файл
Jazyk:angličtina
Vydáno: 2023
Edice:Плазменные и водородные технологии
Témata:
On-line přístup:http://earchive.tpu.ru/handle/11683/77325
Médium: MixedMaterials Elektronický zdroj Kapitola
KOHA link:https://koha.lib.tpu.ru/cgi-bin/koha/opac-detail.pl?biblionumber=670208

MARC

LEADER 00000naa2a2200000 4500
001 670208
005 20240129140346.0
090 |a 670208 
100 |a 20240119d2023 k||y0rusy50 ba 
101 0 |a eng 
102 |a RU 
135 |a drbn ---uucaa 
200 1 |a Friction coefficient of polylactic acid films after the plasma treatment  |f К. G. Pautov, E. O. Filippova   |g sci. adv. E. O. Filippova; National Research Tomsk Polytechnic University 
225 |a Плазменные и водородные технологии 
283 |2 RDAcarrier 
336 |a Текстовый файл 
463 1 |0 670196  |9 670196  |c Томск  |d 2023  |n Изд-во ТПУ  |o сборник тезисов докладов VIII Международной научной конференции молодых ученых, аспирантов и студентов, г. Томск, 7-9 ноября 2023 г.  |v С. 73  |p 1 файл (3,21 Мб, 188 с.)  |t Изотопы: технологии, материалы и применение  |f Национальный исследовательский Томский политехнический университет 
610 1 |a труды учёных ТПУ 
610 1 |a электронный ресурс 
610 1 |a polymer materials 
700 1 |a Pautov  |b К. G. 
701 1 |a Filippova  |b E. O.  |c physicist  |c Professor of Tomsk Polytechnic University, Doctor of Technical Sciences  |f 1988-  |g Ekaterina Olegovna  |9 20053 
702 1 |a Filippova  |b E. O.  |c physicist  |c Professor of Tomsk Polytechnic University, Doctor of Technical Sciences  |f 1988-  |g Ekaterina Olegovna  |4 727 
712 0 2 |a National Research Tomsk Polytechnic University  |c (2009- )  |9 27197 
801 0 |a RU  |b 63413507  |c 20240119 
850 |a 63413507 
856 |u http://earchive.tpu.ru/handle/11683/77325  |z http://earchive.tpu.ru/handle/11683/77325 
942 |c CF